LDR 00611naa#a2200169#i#450# 001 EN\INFRA-M\bibl\103513 005 20260515055439.5 011 ## _a1998-0728 100 ## _a20250825b2025####ek#y0engy0150####ca 102 ## _aRU 200 1# _aFormation of Verbal Creative Activity of Primary School Students During Extracurricular Activities (Part 2) _eJournal article 210 1# _aMoscow _cINFRA-M Academic Publishing LLC. _d2025 215 ## _a4 с. 608 ## _aJournal article _2local 675 ## _aПервая ступень обучения. Начальная школа. 373.3 _z 700 #1 _aNikitina _gE. E. 856 4# _anaukaru.ru _u